| 000 | 00473nam a22001817a 4500 | ||
|---|---|---|---|
| 999 |
_c7503 _d7503 |
||
| 003 | OSt | ||
| 005 | 20211119105548.0 | ||
| 008 | 211119b ||||| |||| 00| 0 eng d | ||
| 020 | _a0321312651 | ||
| 040 | _cDDC | ||
| 082 |
_26ed _a330 ECO 2005 |
||
| 100 |
_aMicheal parkin _915364 |
||
| 245 |
_aEconomics : _bStudy Guide |
||
| 260 |
_aEngland _bPearson Education Limited _c2005 |
||
| 300 |
_avii,490p.; _bill, (col) _c24cm |
||
| 650 |
_aEconomics _9975 |
||
| 942 |
_2ddc _cO_SHELF |
||